000 02299cam a2200169 4500500
005 20260208010542.0
041 _afre
042 _adc
100 1 0 _aCordero, Nestor-Luis
_eauthor
245 0 0 _aDu non-être à l'autre.
260 _c2005.
500 _a52
520 _aDu non-être à l’Autre Lorsque Platon essaie, dans le Sophiste, de réfuter l’argumentation de Parménide à propos de l’inexistence du non-être, il arrive à une conclusion inattendue : c’est la langue grecque qui, du fait d’identifier « ce qui est » aux étants, rend impossible d’exprimer « ce qui n’est pas ». Or, étant donné que le discours faux, propre à la sophistique, suppose que « ce qui n’est pas » existe, Platon examine les théories des philosophes qui l’ont précédé et il découvre que, mis à part le néant absolu, sur lequel il partage le jugement de Parménide, un certain non-être est possible : celui de la prédication. Fidèle à sa philosophie, Platon propose une Forme comme garantie de ce non-être relatif : l’Altérité. Celle-ci, avec sa Forme complémentaire, l’Identité, assure dorénavant la définition de chaque réalité.
520 _aFrom the non-being to the Other When Plato, in the Sophist, tries to turn down Parmenides’ argumentation about the existence of non-being, he reaches a most unexpected conclusion : i.e. the Greek language, identifying « what is » to « the beings », makes it impossible to express what is not. Now, since the false discours, proper to sophistics, supposes that « that which is not » exists, Plato examines the theories of the philosophers who came before him and discovers that, apart from the absolute nothingness – on which he shares Parmenides’ judgement –, some kind of a non-being is possible, i.e. that of predication. True to his philosophy, Plato suggests a Form as warrant of such a « relative » non-being : the Different (Alterity, Otherness). This Form, with its complementary Form, the Identity, guarantees the definition of every reality.
786 0 _nRevue philosophique de la France et de l'étranger | 130 | 2 | 2005-06-01 | p. 175-189 | 0035-3833
856 4 1 _uhttps://shs.cairn.info/revue-philosophique-2005-2-page-175?lang=fr&redirect-ssocas=7080
999 _c1657097
_d1657097